| 000 | 00872nam a2200229Ia 4500 | ||
|---|---|---|---|
| 003 | GCL | ||
| 008 | 140319s9999 xx 000 0 ara d | ||
| 040 |
_aGCL / _cGCL |
||
| 082 | 0 | 4 |
_a341.481 _bع ا |
| 100 | 1 | _aمحمد السيد سعيد | |
| 245 | 1 | 0 |
_aالانسان هو الاصل : _bمدخل الى القانون الدولى الانسانى وحقوق الانسان / _cمحمد السيد سعيد |
| 700 | 1 | _aعبدالحسين شعبان | |
| 260 |
_aالقاهرة : _bمركز القاهرة لدراسات حقوق الانسان ، _c2002 |
||
| 300 |
_a159 ص ؛ _c22 سم |
||
| 490 | _a | ||
| 650 | 0 | 4 | _aالاحكام الشرعية |
| 650 | 0 | 4 | _aالقانون الدولى |
| 650 | 0 | 4 | _aالفقه الاسلامى |
| 650 | 0 | 4 | _aالمحاكم الدولية |
| 650 | 0 | 4 | _aحقوق الانسان - قانون دولى |
| 942 |
_2ddc _cBK |
||
| 999 |
_c40945 _d40945 |
||